Cities in the DFW Metroplex - Statistics

General Stats
  • This quiz has been taken 34 times
  • The average score is 47 of 109
Answer Stats
Population City % Correct
1,356,479 Dallas
100%
1,001,741 Fort Worth
100%
231,768 Frisco
100%
294,152 Plano
100%
411,167 Arlington
96%
250,099 Garland
96%
264,546 Irving
96%
214,871 McKinney
96%
106,009 Allen
84%
154,189 Denton
84%
155,382 Mesquite
84%
137,315 Lewisville
80%
57,999 Desoto
76%
209,231 Grand Prairie
76%
136,479 Carrollton
72%
52,283 Grapevine
72%
122,678 Richardson
72%
52,882 Rockwall
72%
32,195 Southlake
68%
49,224 Waxahachie
68%
43,193 Coppell
60%
40,779 Duncanville
60%
61,555 Euless
60%
80,707 Flower Mound
60%
8,759 Highland Park
60%
47,476 Keller
60%
42,598 Prosper
60%
45,854 Celina
56%
58,169 Little Elm
56%
46,787 The Colony
56%
32,411 Weatherford
56%
39,070 Farmers Branch
52%
24,087 Melissa
52%
73,602 North Richland Hills
52%
25,544 University Park
52%
27,823 Anna
48%
49,941 Bedford
48%
53,504 Burleson
48%
40,454 Hurst
48%
86,323 Mansfield
48%
62,171 Wylie
48%
6,470 Argyle
44%
32,642 Greenville
44%
66,711 Rowlett
44%
17,835 Addison
40%
26,639 Colleyville
40%
23,815 Corinth
40%
42,183 Lancaster
40%
41,083 Midlothian
40%
11,811 Northlake
40%
8,678 Richland Hills
40%
18,522 White Settlement
40%
29,692 Forney
36%
46,505 Haltom City
36%
18,577 Red Oak
36%
18,432 Terrell
36%
27,923 Balch Springs
32%
25,441 Benbrook
32%
50,904 Cedar Hill
32%
19,935 Crowley
32%
10,385 Heath
32%
16,150 Highland Village
32%
7,438 Kaufman
32%
7,845 Lake Dallas
32%
22,546 Royse City
32%
30,483 Sachse
32%
23,775 Watauga
32%
5,202 Aledo
28%
9,266 Commerce
28%
23,538 Ennis
28%
27,366 Fate
28%
6,658 Justin
28%
5,378 Lake Worth
28%
8,270 Lucas
28%
21,193 Murphy
28%
6,128 Parker
28%
10,071 Sanger
28%
14,401 Trophy Club
28%
6,265 Alvarado
24%
9,187 Aubrey
24%
14,847 Azle
24%
6,321 Hutchins
24%
8,905 Joshua
24%
8,588 Kennedale
24%
6,578 Pilot Point
24%
33,288 Princeton
24%
20,156 Seagoville
24%
6,000 Bridgeport
20%
34,396 Cleburne
20%
7,102 Decatur
20%
11,006 Fairview
20%
14,468 Forest Hill
20%
19,532 Glenn Heights
20%
11,468 Granbury
20%
6,571 Krum
20%
8,154 Lavon
20%
10,358 Providence Village
20%
10,127 Roanoke
20%
25,223 Saginaw
20%
9,398 Sunnyvale
20%
7,006 Venus
20%
7,134 Wilmer
20%
6,279 Everman
16%
7,654 River Oaks
16%
5,995 Hickory Creek
12%
6,019 Oak Point
12%
5,496 Sansom Park
8%
5,599 Willow Park
8%
6,784 Keene
4%
No matching quizzes found
Score Distribution
Percent of People with Each Score
Percentile by Number Answered
Your Score History
You have not taken this quiz